000 00274nam a22001217a 4500
008 170629b xxu||||| |||| 00| 0 eng d
041 _aeng
080 _a811
100 _a22
101 _aGJL
245 _aEXAMINATION COPY GIDE WRITING
_cRAMAGE.J.D
942 _2udc
_cBK
999 _c19558
_d19558